01184nam a2200289Ia 4500001000700000003000500007008004100012010001100053040000900064090001700073100004700090245017900137260004100316300001000357502007600367650003300443650003100476700004000507901001700547902000600564910000900570942000600579942000600585999001900591952014200610952014200752Z_1873CHAP220113s1998 xx 000 0 und d a164967 cCHAP aTesis S 1309 aSánchez José, Teodulo Gregorio9139001 aAnálisis proximal y cuantitativo de hierbas y gramíneas nativas de agostaderos del sur de Sinaloa /cpor Teodulo Gregorio Sánchez José y Miguel Angel Romero López aChapingo, Méx. :bEl autor,c1998 a79 h. aTesis (Ing. Agr. Esp. en Zootecnia) -- UACH. Departamento de Zootecnia aGramíneasxSinaloa 950290 aPlantas herbáceas988998 aRomero López, Miguel Angel999613 aTESIS S 1309 aM a1998 c2 c2 c164967d164967 00102local4051708TESISaZbZd2005-11-09eEl autorl0oTesis S26 1309 1998p5101002048r2022-01-18 00:00:00tEj.1w2022-01-18yTESIS 00102local4055708TESISaZbZd2005-11-09eEl autorl0oTesis S26 1309 1998p5101002049r2022-01-18 00:00:00tEj.2w2022-01-18yTESIS